Súčasné trendy vo vzdelávaní manažérov

Problematika manažérskeho vzdelávania a opis súčasného stavu týkajúceho sa trendov vo vzdelávaní manažérov.

Enregistré dans:
Détails bibliographiques
Auteur principal: Mišún, Juraj, 1978-
Autres auteurs: Sochanič, Vladislav
Format: Chapitre de livre
Langue:slovaque
Sujets:
Tags: Ajouter un tag
Pas de tags, Soyez le premier à ajouter un tag!

MARC

LEADER 00000nla a2200000 4500
001 0240319
005 20240502073913.7
041 0 |a slo 
044 |a SK 
245 1 0 |a Súčasné trendy vo vzdelávaní manažérov  |c Juraj Mišún, Vladislav Sochanič 
520 |a Problematika manažérskeho vzdelávania a opis súčasného stavu týkajúceho sa trendov vo vzdelávaní manažérov. 
610 2 0 |a vzdelávanie 
610 2 0 |a manažéri 
610 2 0 |a politika vzdelávania 
610 2 0 |a podnikanie 
100 1 |a Mišún, Juraj, 1978- 
700 1 |a Sochanič, Vladislav